Living details : more than 500 ways to make a house or apartment a home

Bibliographic Details
Main Author: Cowan, Thomas
Format: Book
Published: New York : Whitney Library of Design , 1986
Subjects:

MARC

LEADER 00000cam a2200000 7i4500
001 0000000152
002 000000210
005 20000330.0
020 |a 0823073424 
090 0 0 |a 747   |b COW 
100 1 |a Cowan, Thomas 
245 1 0 |a Living details :   |b more than 500 ways to make a house or apartment a home   |c Thomas Cowan 
260 |a New York :   |b Whitney Library of Design ,   |c 1986 
300 |a 160p. :   |b ill. ;   |c 26cm. 
650 0 0 |a Interior decoration 
999 |a 027475   |b BUKU   |c PINJAMAN   |e PERPUSTAKAAN KOMUNITI PETALING JAYA